01563 a2200289 45000010006000000050017000060080041000230030015000640400040000790800033001192450020001520200022001722640038001943000019002325050736002510410008009871000019009957000014010147000021010287000025010497000016010747000016010907000027011067000021011337000020011548560099011744576920260407155729.0260407a1984 arg spa dAR-UNSa-BCEJYS aAR-UNSa-BCEJYSbspacAR-UNSa-BCEJYS a330.101.542xMicroeconomía10aMicroeconomía a978-84-206-8089-7 1aMadrid :bAlianza Editorialc1984 a664 p.c23 cm. a1. La naturaleza y el ámbito de la microeconomía – 2. Optimización – 3. La teoría del consumidor – 4. La teoría del consumidor: desarrollos y aplicaciones – 5. Modelos alternativos de comportamiento del consumidor – 6. La empresa – 7. Producción – 8. Costes – 9. Oferta – 10. La teoría de los mercados competitivos – 11. Monopolio – 12. Oligopolio – 13. Teorías alternativas de la empresa – 14. Mercados de factores productivos – 15. Inversión y consumo a lo largo del tiempo – 16. Equilibrio general – 17. Economía del bienestar – 18. Fallos de mercado y segundo optimo – 19. Elección en condiciones de incertidumbre – 20. Intercambio en condiciones de incertidumbre -  aspa1 aGravelle, Hugh1 aRees, Ray1 aAndrés, Javier1 aCaballero, Francisco1 aOrti, Angel1 aSoria, Rosa1 aCarbajo, José Carlos1 aEsteve, Fernando1 aPeraita, Carlos41uhttps://www.biblioeco.unsa.edu.ar/pmb/images/libros/L127171.jpgyImagen de portadaqimage/jpeg